000 00664nam a2200217Ia 4500
008 160319s9999 xx 000 0 und d
245 _aClifford's Adventures on Birdwell Island /
260 _bDolby Digital
260 _c2002
300 _a1 videodisc (ca. 90 min.) :
300 _bsound., color ;
300 _c4 3/4 in.
650 _aBands (Music) --
650 _aCarnivals.
650 _aClifford (Fictitious character : Bridwell) --
650 _aFriendship.
650 _aTreasure troves > 
650 _xJuvenile fiction . Juvenile films.
650 _xJuvenile fiction. Juvenile films.
650 _xJuvenile fiction. Juvenile films.
999 _c292552
_d292552